Historická reflexek počátkům Evropské intehrace v západní Evropě

Počiatky západoeurópskej integrácie v období po skončení druhej svetovej vojny. Funkcionálne chápanie západoeurópskej integrácie.

Salvato in:
Dettagli Bibliografici
Autore principale: Tvrdoň, Michal
Natura: Capitolo di libro
Lingua:ceco
Soggetti:
Tags: Aggiungi Tag
Nessun Tag, puoi essere il primo ad aggiungerne!!

MARC

LEADER 00000naa$a2200000$$$4500
001 0104998
005 20221025112759.3
041 0 |a cze 
044 |a SK 
245 1 0 |a Historická reflexek počátkům Evropské intehrace v západní Evropě  |c Michal Tvrdoň 
520 |a Počiatky západoeurópskej integrácie v období po skončení druhej svetovej vojny. Funkcionálne chápanie západoeurópskej integrácie. 
610 2 0 |a integrácia ekonomická medzinárodná 
100 1 |a Tvrdoň, Michal